000
00276pab a2200121 454500
008
180718b xxu||||| |||| 00| 0 eng d
100
_a
Khusro, A.M
245
_a
Why not corporate farming
650
_a
Farming
650
_a
Agriculture
773
_a
Indian Express
909
_a
2393
999
_c
2393
_d
2393